Normal view
MARC view
- محاضرات - روبرت لويس - تاريخ ونقد
Entry Topical Term
001 - CONTROL NUMBER
- control field: 35239
003 - CONTROL NUMBER IDENTIFIER
- control field: JO-AjAnu
005 - DATE AND TIME OF LATEST TRANSACTION
- control field: 20230606075908.0
008 - FIXED-LENGTH DATA ELEMENTS
- fixed length control field: 230606|| aca||aabn | a|a d
040 ## - CATALOGING SOURCE
- Original cataloging agency: JO-AjAnu
- Transcribing agency: JO-AjAnu
150 ## - HEADING--TOPICAL TERM
- Topical term or geographic name entry element: محاضرات - روبرت لويس - تاريخ ونقد
670 ## - SOURCE DATA FOUND
- Source citation: Work cat.: (JO-AjAnu)18095: لويس، روبرت ؛ تقديم هارولد كلرمان ؛ ترجمة يوسف عبد المسيح ثروت, author 35238, الطريق أم الجنون؟ أو طريقة ستانسلافسكي في التطبيق